| 000 | 00957nam0a22002651 4500 | ||
|---|---|---|---|
| 001 | rc\1140523 | ||
| 005 | 20041129084245.1 | ||
| 035 | _a(NLR Aleph) 006387075 | ||
| 090 |
_a5122413 _c5122413 |
||
| 100 | _a20041129d1980 u |0rusy50 ca | ||
| 101 | 0 | _arus | |
| 102 | _aRU | ||
| 105 | _aa ||||||||| | ||
| 200 | 1 |
_aИндустриальные начала в молочном скотоводстве _f[И.С. Хомут, А.А. Дудник, И.М. Гирняк и др.] |
|
| 210 |
_aОдесса _cМаяк _d1980 |
||
| 215 |
_a80 с. _cил. _d20 |
||
| 225 | 1 |
_aБиблиотека передового опыта _iТехнология производства |
|
| 300 | _aАвт. указаны на обороте тит. л. | ||
| 320 | _aБиблиогр.: с. 79 | ||
| 701 | 1 |
_aХомут _bИ. С. _gИван Семенович |
|
| 801 | 0 |
_aRU _bNLR _gpsbo |
|
| 801 | 1 |
_aRU _bELAR _2rusmarc |
|
| 852 |
_aNLR _j81-4/7706 |
||
| 942 | _cBOOK | ||
| 980 | _aNB | ||